| 000 | 00444nam a2200181Ia 4500 | ||
|---|---|---|---|
| 005 | 20240823054752.0 | ||
| 008 | 240823s9999||||xx |||||||||||||| ||und|| | ||
| 041 | _aENGLISH | ||
| 082 | _A363.705 Q0 | ||
| 100 | _aJadhav H V | ||
| 245 | 0 | _aAdvanced Environmental Management | |
| 260 |
_c2010 _bHimalaya Publishing |
||
| 500 | _aYES | ||
| 650 |
_aManagement _bManagement Studies |
||
| 700 | _aPurohit S H | ||
| 942 | _cBK | ||
| 999 |
_c227234 _d227234 |
||